1788 1242 1518 1855 1650 1006 1772 1533 1987 1671 1630 1723 1981 1202 1468 1201 1256 1775 1101 1092 1539 1970 1732 1467 1830 1445 1362 1121 1167 1217 1018 1892 1862 1049 1295 1715 1240 1146 1186 1691 1751 1475 1305 1455 1922 1109 1091 1214 1668 1918 1405 1798 1316 1618 1557 1519 1445 1421 1591 1223 1549 1452 1333 1594 1932 1964 1143 1983 1705 1963 1910 1569 1476 1104 1867 1580 1660 1056 1700 1994 1161 1968 1718 1764 1550 1685 1207 1814 1244 1751 1245 1527 1362 1898 1233 1692 1848 1699 1609 BCNSPRNW ULIB Ver.6.0+V

เปลี่ยนเป็นภาษาไทย

Change to English
 แสดงรายละเอียดบรรณานุกรม
  กลับหน้าหลัก

Brief Record : Get Marc (ISO 2709) : E-mail record : QR code < ปิดหน้าต่าง
LEADER : 00000nam 2200000uu 4500
001    13399127112
003     ULIB
008    191015s2019||||th 000 0 tha d
020    ^a9780323428743
060 04 ^aQZ39^bW423D
100 1  ^aWeiner, Carl P.
245 10 ^aDrugs for pregnant and lactating Women /^cCarl P. Weinerand Clifford Mason
260    ^aPhiladelphia :^bElsevier,^c2019
300    ^a1026 p. ;^c27 cm.
504    ^aIncludes bibliographical references
650  2 ^aPharmaceutical Preparations^xcontraindications^vhandbooks
650  2 ^aBreast Feeding^vhandbooks
650  2 ^aPregnancy^vhandbooks
700 1  ^aMason, Clifford
945    ^p4340^l0^i006300
999    ^aประนอม เกษจรัล
รายการนี้ยังไม่มีแท็ก
คุณยังไม่ได้ล็อกอิน คุณสามารถมีกิจกรรมร่วมกับเว็บไซต์ได้ แต่ต้องล็อกอินก่อน ::
  ล็อกอิน

รายการสื่อสารสนเทศ

ลำดับที่ ประเภท เลขเรียก/บาร์โค้ด สถานที่ สถานะ
1. วิทยาศาสตร์การแพทย์ และสุขภาพ
หนังสือสำรอง
สถานะ=หนังสือสำรอง
QZ39 W423D ฉ.1 
  Barcode: 006300
ห้องสมุดวิทยาเขตสวรรค์ประชารักษ์
►หนังสือทั่วไป
บนชั้น

BibComment


ยังไม่เคยถูกคอมเมนท์

คอมเมนท์ทรัพยากรรายการนี้
  คอมเมนท์: Drugs for pregna..


 Copyright 2026. Bcnsprnw @Library